[Event "DOM-ch"]
[Site "Santo Domingo"]
[Date "2015.05.15"]
[Round "9"]
[White "Velez Espiritusantos, Brunildo E"]
[Black "Marino, Roberto"]
[Result "1-0"]
[WhiteElo "2057"]
[BlackElo "1959"]
[PlyCount "79"]
[EventDate "2015.05.01"]
[EventType "swiss"]
[EventRounds "11"]
[EventCountry "DOM"]
[SourceTitle "CBM 166 Extra"]
[Source "ChessBase"]
[SourceDate "2015.06.18"]
[SourceVersion "1"]
[SourceVersionDate "2015.06.18"]
[SourceQuality "1"]

1. d4 d5 2. Nf3 Nf6 3. c4 dxc4 4. Nc3 c6 5. a4 Bf5 6. e3 Nbd7 7. Bxc4 e6 8. 0-0 Bb4 9. Be2 h6 10. Qb3 a5 11. Na2 Nd5 12. Nxb4 Nxb4 13. Bd2 Qe7 14. Rfc1 Nb6 15. Bxb4 Qxb4 16. Qxb4 axb4 17. a5 Nd5 18. Nd2 Bh7 19. a6 bxa6 20. Rxc6 a5 21. Rc5 0-0 22. Rcxa5 Rxa5 23. Rxa5 Rc8 24. Nb3 Bc2 25. Rc5 Rxc5 26. Nxc5 Kf8 27. Kf1 Ke7 28. Ke1 Kd6 29. Kd2 Bg6 30. Nd3 f6 31. Bf3 Bxd3 32. Bxd5 Bb1 33. Bb3 Be4 34. f3 Bg6 35. e4 e5 36. Ke3 Kc6 37. g3 Kb5 38. f4 exd4+ 39. Kxd4 Bh7 40. e5 1-0